| 000 | 00756nam a2200217 i 4500 | ||
|---|---|---|---|
| 001 | 187787 | ||
| 003 | ES-MaACL | ||
| 005 | 20230906223029.0 | ||
| 008 | 180221s1961 sp |||| | spa d | ||
| 100 | 1 |
_aGutheim, Frederick. _9164301 |
|
| 245 | 1 | 0 |
_aAlvar Aalto / _cpor Frederick Gutheim ; [versión... de Víctor Scholz ; ed... rev. por Luis M. Aragó]. |
| 260 |
_aBarcelona : _bBruguera, _c[1961] |
||
| 300 |
_a127 p., lám. 1-122 : _bil. ; _c26 cm. |
||
| 490 | 1 | _aMaestros de la arquitectura mundial | |
| 600 | 1 | 4 |
_aAalto, Alvar, _d1898-1976 _9226335 |
| 700 | 1 |
_aScholz, Víctor. _9104643 |
|
| 700 | 0 |
_aAragó, Luis María. _922167 |
|
| 830 | 0 |
_aMaestros de la arquitectura mundial _9192833 |
|
| 852 |
_aES-MaACL _jE-3959 |
||
| 999 |
_c187787 _d187787 |
||